000 00549nam a22001817a 4500
003 CEME
005 20210628202013.0
008 210223b xxu||||| |||| 00| 0 eng d
020 _a0-521-79075-1
040 _c.
082 _a621.367 SAP
100 _aSapiro, Guillermo
_957829
245 _aGeometric partial differential equations and image analysis
260 _aNEW YORK
_bCAMBRIDGE UNIVERSITY PRESS
_c2001
300 _aXXV,385P
650 _aIMAGE ANALYSIS DIFFERENTIAL EQUATIONS, PARTIAL GEOMETRY DIFFERENTIAL
_957830
942 _cBK
_2ddc
999 _c568081
_d568081